General ecology (Record no. 40652)

MARC details
000 -LEADER
fixed length control field 00432nam a2200181Ia 4500
020 ## - INTERNATIONAL STANDARD BOOK NUMBER
ISBN 0534375286
050 ## - CALL MARK
Classification number QH 541 .K75/
100 ## - STATEMENT OF RESPONSIBILITY--MAIN AUTHOR NAME
Personal name Krohne, David T.
245 #0 - TITLE STATEMENT
Title General ecology
260 ## - PUBLICATION, DISTRIBUTION, ETC. (IMPRINT)
Place of publication Pacific Grove, CA :
260 ## - PUBLICATION, DISTRIBUTION, ETC. (IMPRINT)
Name of publisher Brooks/Cole,
260 ## - PUBLICATION, DISTRIBUTION, ETC. (IMPRINT)
Year of publication 2001.
300 ## - PHYSICAL DESCRIPTION
Number of Pages 512 p
650 ## - SUBJECT ADDED ENTRY--TOPICAL TERM
Topical Term Pacific Grove, CA :
942 ## - ADDED ENTRY ELEMENTS (KOHA)
Koha item type Books
Holdings
Withdrawn status Lost status Damaged status Not for loan Permanent Location Current Location Shelving location Date acquired Accession Number Price effective from Koha item type
        NILE UNIVERSITY OF NIGERIA - MAIN LIBRARY NILE UNIVERSITY OF NIGERIA - MAIN LIBRARY Items on shelf 06/03/2025 0185100 06/03/2025 Books
        NILE UNIVERSITY OF NIGERIA - MAIN LIBRARY NILE UNIVERSITY OF NIGERIA - MAIN LIBRARY Items on shelf 06/03/2025 0185128 06/03/2025 Books